000 01128nam1a2200289 i 4500
001 RU\NLR\bibl\6002
005 20260406045025.0
035 _a(NLR Aleph) 000005845
090 _a16883
_c16883
100 _a19981006d1997 |||y0rusy50 ca
101 0 _arus
102 _aRU
105 _a|||||||||||||
200 1 _aПосмотри и назови
_eДидакт. материал по испр. недостатков произношения у детей
_e[В 2 кн.]
_fН.И. Соколенко
210 _aМ.
_cАСТ
_aСПб.
_cБиблиополис
_d1997
215 _d29
300 _aНа обл. авт. не указан
463 0 _10015000
463 0 _10015001
606 _aДетская речь
_jНаглядные пособия
_xДефекты
_xИсправление
_9912352
_3RU\NLR\auth\66333362
686 _aЧ437.92
700 1 _4070
_8rus
_7ca
_aСоколенко
_bН. И.
_gНадежда Ивановна
_3RU\NLR\auth\774781
_9114756
801 0 _aRU
_bNLR
_c19981006
_gPSBO
801 1 _aRU
_bNLR
_c19981006
852 _aNLR
_j98-8/204
942 _cBOOK